Mineral resources management and the environment (Record no. 103157)

MARC details
000 -LEADER
fixed length control field 01013cam a2200253 4500
008 - FIXED-LENGTH DATA ELEMENTS--GENERAL INFORMATION
fixed length control field 031029n2003 000 0 eng u
020 ## - INTERNATIONAL STANDARD BOOK NUMBER
International Standard Book Number 9058095452
035 ## - SYSTEM CONTROL NUMBER
System control number (Sirsi) u124127
041 ## - LANGUAGE CODE
Language code of text/sound track or separate title eng
050 ## - LIBRARY OF CONGRESS CALL NUMBER
Classification number 338.2
-- 18
100 ## - MAIN ENTRY--PERSONAL NAME
Personal name Aswathanarayana, U.
245 ## - TITLE STATEMENT
Title Mineral resources management and the environment
260 ## - PUBLICATION, DISTRIBUTION, ETC.
Place of publication, distribution, etc. Lisse
Name of publisher, distributor, etc. Balkema
Date of publication, distribution, etc. 2003
300 ## - PHYSICAL DESCRIPTION
Extent xv, 294p.
Dimensions 25cm
350 ## - PRICE (NR) (BK AM CF MU VM SE) [OBSOLETE]
Price 72
520 ## - SUMMARY, ETC.
Summary, etc. Explains different methods of managing the environmental impact from all aspects of mining using an understanding of the factors that cause environmental degradation. Concentrates particularly on mining enterprises in developing countries where the high-tech solutions of increased mechanisation and fewer workers are not as readily available as in the more industrialised countries.
650 ## - SUBJECT ADDED ENTRY--TOPICAL TERM
Topical term or geographic name entry element MINING
650 ## - SUBJECT ADDED ENTRY--TOPICAL TERM
Topical term or geographic name entry element ENVIRONMENTAL IMPACT
650 ## - SUBJECT ADDED ENTRY--TOPICAL TERM
Topical term or geographic name entry element MINES
650 ## - SUBJECT ADDED ENTRY--TOPICAL TERM
Topical term or geographic name entry element MINERAL EXTRACTION
650 ## - SUBJECT ADDED ENTRY--TOPICAL TERM
Topical term or geographic name entry element ENVIRONMENTAL CONTROL
690 ## - LOCAL SUBJECT ADDED ENTRY--TOPICAL TERM (OCLC, RLIN)
Topical term or geographic name as entry element MINING AND MINERALS
942 ## - ADDED ENTRY ELEMENTS (KOHA)
Suppress in OPAC 0
Holdings
Withdrawn status Lost status Source of classification or shelving scheme Damaged status Not for loan Home library Current library Shelving location Date acquired Cost, normal purchase price Total Checkouts Full call number Barcode Date last seen Copy number Cost, replacement price Price effective from Koha item type
    Other/Generic Classification Scheme     London London Books 03/02/2004 71.00   338.2 ASW 30068994 06/08/2019 1 71.00 06/08/2019 Book